Applied hydrology / (Record no. 16576)

MARC details
000 -LEADER
fixed length control field 00989aam a2200313ui 4500
001 - CONTROL NUMBER
control field 010032453
003 - CONTROL NUMBER IDENTIFIER
control field EG-ScBUE
005 - DATE AND TIME OF LATEST TRANSACTION
control field 20260119092605.0
008 - FIXED-LENGTH DATA ELEMENTS--GENERAL INFORMATION
fixed length control field 890118s1988 nyu f 001 0 eng d
020 ## - INTERNATIONAL STANDARD BOOK NUMBER
International Standard Book Number 0071001743 (pbk) :
020 ## - INTERNATIONAL STANDARD BOOK NUMBER
International Standard Book Number 9780071001748
040 ## - CATALOGING SOURCE
Original cataloging agency Uk
Language of cataloging eng
Description conventions rda
Transcribing agency Uk
Modifying agency EG-ScBUE
082 04 - DEWEY DECIMAL CLASSIFICATION NUMBER
Classification number 551.48
Edition number 22
Item number CHO
100 1# - MAIN ENTRY--PERSONAL NAME
Personal name Chow, Ven Te,
Dates associated with a name 1919-1981,
Relator term author.
9 (RLIN) 29353
245 10 - TITLE STATEMENT
Title Applied hydrology /
Statement of responsibility, etc Ven Te Chow, David R. Maidment, Larry W. Mays.
264 #1 - PUBLICATION, DISTRIBUTION, ETC. (IMPRINT)
Place of publication, distribution, etc New York :
Name of publisher, distributor, etc McGraw-Hill,
Date of publication, distribution, etc 1988.
300 ## - PHYSICAL DESCRIPTION
Extent xiii ,572 pages ;
Dimensions 24 cm
336 ## - CONTENT TYPE
Source rdacontent
Content type term text
Content type code txt
337 ## - MEDIA TYPE
Media type term unmediated
Source rdamedia
Media type code n
338 ## - CARRIER TYPE
Carrier type term volume
Carrier type code nc
Source rdacarrier
500 ## - GENERAL NOTE
General note Includes index.<br/>
650 #7 - SUBJECT ADDED ENTRY--TOPICAL TERM
Topical term or geographic name as entry element Hydrology.
Source of heading or term BUEsh
9 (RLIN) 29354
653 ## - INDEX TERM--UNCONTROLLED
Uncontrolled term Hydrology
Arrived date list March2012
655 ## - INDEX TERM--GENRE/FORM
Form subdivision Reading book
700 1# - ADDED ENTRY--PERSONAL NAME
Personal name Maidment, David R.,
Relator term author.
9 (RLIN) 29355
700 1# - ADDED ENTRY--PERSONAL NAME
Personal name Mays, Larry W.,
Relator term author.
9 (RLIN) 29356
942 ## - ADDED ENTRY ELEMENTS (KOHA)
Source of classification or shelving scheme Dewey Decimal Classification
Koha item type Book - Borrowing
Holdings
Withdrawn status Lost status Source of classification or shelving scheme Damaged status Not for loan Collection code Home library Current library Shelving location Date acquired Source of acquisition Total Checkouts Full call number Barcode Date last seen Price effective from Koha item type
    Dewey Decimal Classification     Baccah Central Library Central Library First floor 12/03/2012     551.48 CHO 000026411 15/07/2025 12/03/2012 NB - Book (Non borrowing)
    Dewey Decimal Classification     Baccah Central Library Central Library First floor 12/03/2012     551.48 CHO 000026412 15/07/2025 12/03/2012 Book - Borrowing
    Dewey Decimal Classification     Baccah Central Library Central Library First floor 12/03/2012     551.48 CHO 000026413 15/07/2025 12/03/2012 Book - Borrowing